| 000 | 00490nam a2200181 i 4500 | ||
|---|---|---|---|
| 001 | bg | ||
| 100 | 1 | _aCHUDZIKIEWICZ, Ryszard. | |
| 245 | I |
_aTechnologia maszyn. _nCz. 1, _pTechnologia metali / _cRyszard Chudzikiewicz, Wojciech Briks. |
|
| 250 | _aWyd.2 popr. | ||
| 260 |
_aSzczecin : _bPWSZ, _c1972. |
||
| 650 | 9 |
_aMrtale _xtechnologia |
|
| 700 | 1 | _aBRIKS, Wojciech. | |
| 040 | _cBPK | ||
| 041 | _apol | ||
| 080 | _a621:669 | ||
| 942 | _cKS | ||
| 008 | s pl f |000 0 pol | ||
| 999 |
_c25975 _d25975 |
||
| 856 |
_uhttp://koha.tu.koszalin.pl/cgi-bin/koha/opac-detail.pl?biblionumber=25975 _yKatalog online BPK |
||